000 00893nam a2200241 i 4500
001 9957
003 KOSZ 005
005 20191005132641.0
008 111019s2011 pl a |001 0 pol
015 _aPB 22006/2011
020 _a9788373652552
040 _cBPK
_dKOSZ 005/EG
041 _apol
044 _aPOL
080 _a621.38
100 1 _aJanke, Włodzimierz
_eAutor
_bPolitechnika Koszalińska - Wydział Elektroniki,
_cKatedra Elementów i Miernictwa Elektronicznego
_d1996 - .
245 1 0 _aWybrane zagadnienia współczesnej elektroniki :
_bpraca zbiorowa /
_cpod red. Włodzimierza Janke.
260 _aKoszalin :
_bWydaw. Uczelniane Politechniki Koszalińskiej,
_c2011.
300 _a439 s. :
_bil. ;
_c25 cm.
650 0 _aElektronika.
856 _uhttp://koha.tu.koszalin.pl/cgi-bin/koha/opac-detail.pl?biblionumber=59795
_yKatalog online BPK
942 _cKS
_2UKD
999 _c9957
_d9957